| 000 | 00532cam a22001577a 4500 | ||
|---|---|---|---|
| 008 | 180718b1983 xxu||||| |||| 00| 0 eng d | ||
| 082 | _aAPPPA 82-83 KAN | ||
| 100 | _aKani, Ravi | ||
| 245 |
_aAdministrative response to unplanned settlements in a planned city: case-study of Chandigarh _cby Ravi Kani |
||
| 260 |
_aNew Delhi _bIndian Institute of Public Administration _c1983 |
||
| 300 | _a61p. | ||
| 650 | _aCase-study-Chandigarh | ||
| 650 | _aPlanned city | ||
| 650 | _aUnplanned settlements | ||
| 650 | _aAdministrative response | ||
| 999 |
_c501266 _d501266 |
||